College Quizbowl Stats
College Quizbowl Stats
Circuits
Seasons
Sets
Records
Detailed Stats
About
Loading...
2024 Penn Bowl UNC
Tossups
Bonuses
Players
Teams
Categories (Tossup)
Categories (Bonus)
Diego Miguel Almaraz-Pérez
North Carolina A
Categories
Category
Powers
Gets
Negs
BBs
Points
Earliest Buzz
Avg. Buzz
First Buzzes
Top 3 Buzzes
BPA
PVF
Mythology
0
1
0
1
10
143
143.00
0
1
0.00
0.00
Religion
0
1
0
0
10
142
142.00
0
1
0.00
0.00
Geography
0
0
1
0
-5
0.00
0
0
0.00
0.00
History - European
0
0
1
0
-5
0.00
0
0
0.00
0.00
Philosophy
0
0
1
0
-5
0.00
0
0
0.00
0.00
Buzzes
Category
Answer
Value
Buzz Position
History - European
Norway
-5
89
Geography
Rhine River
-5
96
Philosophy
filial piety
-5
125
Religion
green
10
142
Mythology
Maya people
10
143
Previous
1
Next